| 000 | 00726nam a22002537a 4500 | ||
|---|---|---|---|
| 003 | CHAP | ||
| 005 | 20220329140504.0 | ||
| 008 | 971013s1963 r 10010 d | ||
| 010 | _a52719 | ||
| 011 | _a53691 | ||
| 035 | _a57841 | ||
| 040 | _cCHAP | ||
| 082 |
_a338.19 _bW6 |
||
| 111 | 0 | 0 |
_aWorld Food Forum. ( _d1962 _c: Washington) _9122720 |
| 245 | _aProceedings | ||
| 260 |
_aWashington, U.S. : _bDepartment of Agriculture, _c1963 |
||
| 300 | _a164 p. | ||
| 590 |
_aBATCH-UPD _b10 _c20130110 _lUCH01 _h0347 |
||
| 590 |
_aCONVERSION _b10 _c20130109 _lUCH01 _h1328 |
||
| 650 | 1 | 4 |
_aAlimentos _xAbastecimiento _xCongresos. _94124 |
| 901 | _aBK | ||
| 942 | _cLIBRO | ||
| 949 |
_a338.19 W6 _bBC _cBPA _d-125678 _eBPA _h5963 _i57841 _si |
||
| 999 |
_c52719 _d52719 |
||